Statistics for Best US Presidents

Click here to take the quiz!

General Stats

  • This quiz has been taken 2,002 times
  • The average score is 17 of 20

Answer Stats

Ranking President % Correct
1-LiberalAbraham Lincoln
97%
3George Washington
97%
2Franklin D. Roosevelt
94%
5Theodore Roosevelt
92%
4Thomas Jefferson
90%
10John Adams
85%
8Harry S. Truman
79%
9Dwight D. Eisenhower
79%
9Lyndon B. Johnson
77%
6Woodrow Wilson
76%
7Andrew Jackson
74%

Score Distribution

Percentile by Number Answered

Percent of People with Each Score

Your Score History

You have not taken this quiz